000 01018 a2200229 4500
001 35774
005 20260407155637.0
008 260407a1979 arg spa d
003 AR-UNSa-BCEJYS
040 _aAR-UNSa-BCEJYS
_bspa
_cAR-UNSa-BCEJYS
080 _a336.14
_xPresupuesto público. Presupuesto nacional
245 1 0 _aEl presupuesto del sector público
264 1 _aBuenos Aires :
_bEdiciones Macchi
_c1979
300 _a131 p.
_c22 cm.
505 _a1. Teoría general del presupuesto tradicional y moderno - 2. Clasificación y erogaciones en el presupuesto - 3. Clasificación y definición de los recursos - 4. El proceso presupuestario - 5. El presupuesto por programas en la práctica latinoamericana - 6. Presupuesto de empresas públicas
041 _aspa
942 _cBK
590 _aniveau_biblio:m niveau_hierar:0
100 1 _aCaplán, Benedicto
700 1 _aCaplan de Cohen, Norma R.
856 4 1 _uhttps://biblioeco.unsa.edu.ar/pmb/images/libros/L125303.jpg
_yImagen de portada
_qimage/jpeg
999 _c2583
_d2583